000 00516nam a2200181Ia 4500
005 20250423095836.0
008 250422s9999 xx 000 0 und d
020 _a0201513188
050 _aTK 454 .N54/
100 _aNilsson, James W.
245 0 _aIntroduction to PSpice. Supplement to Electric circuits
250 _a4th ed.
260 _b Addison-Wesley Pub. Co
260 _c1993
300 _a154 p
650 _aPSpice. Electric circuits. Electric circuit analysis --Data processing
942 _cBK
999 _c31499
_d31499